00441nam a22001457a 450000500170000000800410001702000140005804100130007208200150008510000290010024500520012926000560018130000320023765000260026920231107092357.0231107b |||||||| |||| 00| 0 eng d a040902029 aEnglish  a346.47 COP aCopeling, AJC lEnglish  aCopyright and The Act of 1978 / cAJC Copeling  aDurban : bButterworth Publishers (Pty) Ltd, c1978 bxvi, 146 pages ; c25 cm.  aLegal practice bLaw